Przystanki tramwajowe w Olsztynie - 2024 - Statystyki

Ogólne statystyki
  • Ten quiz został rozwiązany 139 razy
  • Średni wynik to 23 z 32
Statystyki odpowiedzi
Odpowiedź % Poprawnych
Galeria Warmińska
98%
Centrum
95%
Wysoka Brama
95%
Dworzec Główny
91%
Kanta
89%
Skwer Wakara
88%
Szpital Wojewódzki
85%
Pieczewo
82%
Auchan
79%
Dywizjonu 303
78%
Kętrzyńskiego
78%
Filharmonia
75%
Pstrowskiego
75%
Hala Urania
74%
Płoskiego
74%
Uniwersytet - Pływalnia
73%
Uniwersytet - Prawocheńskiego
73%
Andersa
72%
Sikorskiego - Wilczyńskiego
72%
Stadion Stomil
72%
Witosa
72%
Carrefour
71%
Planetarium
71%
Murzynowskiego
66%
Piłsudskiego
62%
Krasickiego - Wilczyńskiego
60%
Żołnierska
60%
Boenigka
58%
Pstrowskiego - Sikorskiego
55%
Pozorty
54%
Gębika
52%
Wańkowicza
52%
Nie znaleziono quizów pasujących do podanych kryteriów
Rozkład punktacji
Procent ludzi z każdym wynikiem
Percentyl według liczby udzielonych odpowiedzi
Twoja historia wyników
Nie rozwiązałeś tego quizu